Normal view
MARC view
- الاسلام- دفع مطاعن- السيرة النبوية
Entry Topical Term
001 - CONTROL NUMBER
- control field: 40673
003 - CONTROL NUMBER IDENTIFIER
- control field: JO-AjAnu
005 - DATE AND TIME OF LATEST TRANSACTION
- control field: 20230606080744.0
008 - FIXED-LENGTH DATA ELEMENTS
- fixed length control field: 230606|| aca||aabn | a|a d
040 ## - CATALOGING SOURCE
- Original cataloging agency: JO-AjAnu
- Transcribing agency: JO-AjAnu
150 ## - HEADING--TOPICAL TERM
- Topical term or geographic name entry element: الاسلام- دفع مطاعن- السيرة النبوية
670 ## - SOURCE DATA FOUND
- Source citation: Work cat.: (JO-AjAnu)20848: الجسر، حسين ، تقديم وتحقيق: خالد زيادة, author 40672, الرسالة الحميدية في حقيقة الديانة الإسلامية وحقية الشريعة المحمدية